00439nam a2200169Ia 4500999001700000003000400017005001700021008004100038040000900079082001700088100002200105245003300127260004400160300000900204650001600213942004000229 c31082d31082OSt20200727104326.0190216s9999||||xx |||||||||||||| ||und|| coclc a512.5bKHA/L aKhanna, M L93728 0aLinear Algebra /cM L Khanna bJaiprakash Nath &co,c1993.aNew Delhi: a420p aMathematics cBK2ddch512.5iKHA/Lk512.5mKHA/L